New Jersey Counties by Population - Statistics

General Stats
  • This quiz has been taken 65 times
  • The average score is 18 of 21
Answer Stats
Population County % Correct
953,819 Bergen
100%
854,917 Essex
95%
702,463 Hudson
95%
645,354 Monmouth
95%
648,998 Ocean
95%
523,771 Camden
93%
572,114 Union
90%
385,898 Mercer
88%
860,807 Middlesex
88%
518,117 Passaic
88%
510,981 Morris
85%
274,966 Atlantic
83%
464,269 Burlington
83%
95,661 Cape May
83%
345,647 Somerset
80%
110,731 Warren
80%
304,477 Gloucester
78%
153,627 Cumberland
76%
65,046 Salem
76%
145,543 Sussex
76%
129,924 Hunterdon
73%
No matching quizzes found
Score Distribution
Percent of People with Each Score
Percentile by Number Answered
Your Score History
You have not taken this quiz